000 00456pab a2200157 454500
008 180718b2009 xxu||||| |||| 00| 0 eng d
100 _aAndrew, Simon A.
245 _aRegional integration through contracting networks: an empirical analysis of institutional collection action framework
260 _c2009
300 _ap.378-402.
362 _aJan
650 _aEconomic integration
773 _aUrban Affairs Review
908 _aN
909 _a81885
999 _c81885
_d81885